000 00445nam a22001217a 4500
040 _cRUA
082 _aACI ROM 1995 C160 Or.
100 _aROMNEA PECH, ACIAR & CIAT,
245 _aបច្ចេកវិជ្ជាស្មៅចំណីសត្វដែលកំពុងអភិវឌ្ឍន៍ជាមួយកសិកម្ម
260 _aPHNOM PENH
_bRUA
_c1995
300 _a80p.
_bill.
_c29cm.
942 _cសៀវភៅគោល
999 _c25513
_d25513